Central Library OPAC University of Rajshahi

মাইকেল মধুসূদন জীবনভাষ্য / (Record no. 41080)

MARC details
000 -LEADER
fixed length control field 01000nam a2200241 a 4500
001 - CONTROL NUMBER
control field 41080
003 - CONTROL NUMBER IDENTIFIER
rucl marc code BD-RjUL
005 - DATE AND TIME OF LATEST TRANSACTION
control field 20211209053327.0
008 - FIXED-LENGTH DATA ELEMENTS--GENERAL INFORMATION
fixed length control field 160514s1974 ii ||||| |||| 00| 0 ben d
020 ## - INTERNATIONAL STANDARD BOOK NUMBER
Terms of availability IRs. 8.00
035 ## - SYSTEM CONTROL NUMBER
System control number (BD-RjUL)41196
040 ## - CATALOGING SOURCE
Original cataloging agency BD-RjUL
Language of cataloging ben
Transcribing agency BD-RjUL
Modifying agency BD-RjUL
041 ## - LANGUAGE CODE
Language code of text/sound track or separate title ben
082 ## - DEWEY DECIMAL CLASSIFICATION NUMBER
Edition number 23
Classification number 891.44092
Author mark and year BIM 1974
100 ## - MAIN ENTRY--PERSONAL NAME
Personal name বিশী, শ্রী প্রমথনাথ
9 (RLIN) 126382
245 10 - TITLE STATEMENT
Title মাইকেল মধুসূদন জীবনভাষ্য /
Statement of responsibility, etc. শ্রী প্রমথনাথ বিশী
260 ## - PUBLICATION, DISTRIBUTION, ETC. (IMPRINT)
Place of publication, distribution, etc. কলিকাতা :
Name of publisher, distributor, etc. মিত্র ও ঘোষ,
Date of publication, distribution, etc. ১৯৭৪ (১৩৮১)
300 ## - PHYSICAL DESCRIPTION
Pagination [৮], ১৩৫ পৃ. ;
Size ২৩ সেমি.
500 ## - GENERAL NOTE
General note পরিশিষ্ট সংযুক্ত
600 ## - SUBJECT ADDED ENTRY--PERSONAL NAME
Personal name মাইকেল মধুসূদন দত্ত
Dates associated with a name ১৮২৪-১৮৭৩
General subdivision জীবনী
Personal name Michel Madhusudan Dutta
Dates associated with a name 1824-1873
General subdivision Biography
942 ## - ADDED ENTRY ELEMENTS (KOHA)
Source of classification or shelving scheme Dewey Decimal Classification
Koha item type Books
Holdings
Lost status Source of classification or shelving scheme Damaged status Not for loan Collection code Permanent Location Current Location Shelving location Date acquired Source of acquisition Cost, normal purchase price Total Checkouts Full call number Date last seen Copy number Koha item type Date checked out
  Dewey Decimal Classification     Non-fiction Central Library, University of Rajshahi Central Library, University of Rajshahi   19/08/1982 Aligor library, Rajshahi 24.00   B 891.44092 BIM 1974 14/05/2016 C-2 Books  
  Dewey Decimal Classification     Non-fiction Central Library, University of Rajshahi Central Library, University of Rajshahi   13/08/1982 Aligarh library 24.00 2 B 891.44092 BIM 1974 14/08/2018 C-3 Books 01/08/2018